MDQL
is popping MORE tags! Check the
thread
!
Quizzes
Events
Quiz Creation
Community
Videos
Private Events
Remove Ads
Sign In
Join for FREE
Feedback
Dark Mode
Quiz Categories
Sports
Geography
Music
Movies
Television
Just For Fun
Miscellaneous
History
Literature
Language
Science
Gaming
Entertainment
Religion
Holiday
For Kids
Quiz Lab
Recent
Popular Today
Quiz Kudos Today
Editor Picks
Curator Picks
Quizzes by...
Day
Popularity
Type
Ratings
Length
Year
Community
Subscriptions
Recent Discussions
Orange Saloon
Badges
Playlists
Quests
Create
Leaderboards
Showdown
Live 5
Trivia Bingo
Activity
Puzzle Library
Sporcle Events
Private Events
Virtual Trivia
Globe League
Become a Host
Pub Owners
SporcleCon
Opinionation
Our Games
Videos
Blog
Mobile Apps
Partnerships
Remove Ads and Go Orange
Feedback
Music
Pop Music
The Beatles
Song
Album
Lyrics
Bands
Singers
Artist
Clip
Rock
Rap
Classical
Billboard
Country Music
Kpop
Taylor Swift
Music
Pop Music
The Beatles
Song
Album
Lyrics
Bands
Singers
Artist
Clip
Rock
Rap
Classical
Billboard
Country Music
Kpop
Taylor Swift
Random Quiz
Search Sporcle
×
Quiz Lab
Quiz Lab
Music
Artist
Type in answers that appear in a list
Type in answers that appear in a list
Classic
Best Score? Go Orange.
90s Music Stats
Can you name the Top Songs by the 90s Artists?
By
racheygriff9
10m
45 Questions
1,199 Plays
1,199 Plays
1,199 Plays
Comments
Comments
Give Quiz Kudos
Give Quiz Kudos
-
- Ratings
hide this ad
Random Order
Randomize order of answers
Randomize order of answers
Replay
Link that replays current quiz
Next Quiz
Link to next quiz in quiz playlist
You Got
0%
They Got
Avg Score
39%
Avg Friend Score
Upgrade to see
Score Distribution
Jump to the score distribution portion of the page
Score
0/45
Timer
10:00
0
Plays Today
Artist
Song
% Correct
Nirvana
Smells Like Teen Spirit
76.8%
Oasis
Wonderwall
74%
TLC
Waterfalls
70%
Sinead O'Connor
Nothing Compares 2 u
69%
The Goo Goo Dolls
Iris
66.6%
Spice Girls
Wannabe
66.1%
Hanson
MMMBop
65.2%
Smash Mouth
All star
62.9%
Ricky Martin
Livin' La Vida Loca
59.7%
No Doubt
Don't Speak
59.4%
Red Hot Chili Peppers
Under the Bridge
59.4%
Chumbawamba
Tubthumping
58.7%
Semisonic
Closing Time
54.4%
Spin Doctors
Two Princes
50.5%
Counting Crows
Mr. Jones
49.7%
Coldplay
Yellow
49.7%
The Cranberries
Linger
45.5%
Jimmy Eat World
The Middle
44.8%
Third Eye Blind
Semi-Charmed Life
43.6%
Marcy Playground
Sex and Candy
43.2%
Edwin McCain
I'll Be
43%
Macy Gray
I Try
41.7%
Sugar Ray
Fly
37.4%
Artist
Song
% Correct
Len
Steal My Sunshine
34.9%
Vanessa Carlton
A Thousand Miles
33.8%
Des'ree
You Gotta Be
32.6%
Fiona Apple
Criminal
32%
Green Day
Good Riddance
31%
Live
All Over You
30.6%
Lit
My Own Worst Enemy
27.4%
The Verve Pipe
The Freshmen
24.4%
Gin Blossoms
Hey Jealousy
23.5%
Eve 6
Inside Out
22.4%
Vertical Horizon
Everything You Want
20.8%
Tonic
If You Could Only See
20.4%
Jewel
Who Will Save Your Soul?
19.4%
Paula Cole
I Don't Want To Wait
18.4%
Everclear
Father of Mine
17.2%
Pearl Jam
Last Kiss
16.5%
Candlebox
Far Behind
16.3%
Black Crowes
She Talks To Angels
16%
Matchbox Twenty
Unwell
16%
Sheryl Crow
If It Makes You Happy
14.4%
Better Than Ezra
Desperately Wanting
6.3%
Bush
Little Things
5.3%
Quiz Playlist
Details
Report
Send in Message
Add To Playlist
Classic:
Type in answers that appear in a list
Random Order:
Randomize order of answers
Last Updated: Feb 16, 2017
Quiz Scoreboard
CHALLENGE
Sign Up to Join the Scoreboard
Show All
Scores
Hide
Comments
May contain spoilers
Recently Published
5x2 Blitz: Bands
by SL_Kpop136
Music
30s
Colored Red Africa Blitz
by spor1
Geography
30s
Find the 'City' Movie
by crazypaving
Movies
60s
More to Explore
Quiz From the Vault
Featured Blog Post
14 Easter Pick-up Lines to Find Eggs With
hide this ad
You Might Also Like...
Tags
Artist Quiz
Song Quiz
1980s
1990s
Today
Today's Top Quizzes in Music
Browse Music
hide this ad
Today's Top Quizzes in Artist
Browse Artist
Top Contributed Quizzes in Music
1
5X2 Blitz: Bands II
2
Taylor Swift Logic Puzzle II
3
Taylor Swift All Songs (2024)
4
5X2 Blitz: The Beatles
5
5X2 Blitz: Billboard
6
5X2 Blitz: Singers
7
5X2 Blitz: Album
8
5X2 Blitz: Rock
9
Music Artist by Three 2010s hits
10
5X2 Blitz: Billboard II
Explore More
Trending Topics
Harry Potter
NBA
Anime
Crossword
Disney
Marvel
Kpop
Puzzle
NFL
WWE
Soccer
Pokémon
The Office
Country
Song
hide this ad
More By:
racheygriff9
Quiz
Plays
Rating
Category
Featured
Created
90s Music
1,199
1.71
Music
Aug 6, 2012
Largest Breeds of Dogs
73
1.00
Miscellaneous
Aug 7, 2012
Go to Creator's Profile
Score Distribution
Quiz Creator Spotlight
racheygriff9
Follow
Send a Message
Quizzes Created
-
Created Quiz Play Count
-
More By This Creator
Popular Quizzes Today
1
Find the 'City' Movie
2
Colored Red Africa Blitz
3
Find the US States - No Outlines Minefield
4
5x2 Blitz: Bands
5
The Countries of the World
6
Find the US States
7
US States
8
9x9 Crossword: Cartoon Network
More Music Quizzes
Find the Missing Vehicles in Songs
Published
Trending Quizzes
Colored Red Europe Blitz I
Colored Red Africa Blitz II
Colored Red Europe Blitz II
Colored Red Europe Blitz III
Colored Red Africa Blitz III
Recently Updated
Famous TV Couples
Peacemaker
Champions League XIs: Real Madrid
pecheneg
Largest US Cities 1790-2010
pecheneg
Rides in Walt Disney World
pecheneg
Most Oscar Losses (Acting)
pecheneg
Beyoncé Albums
pecheneg
Leaping Animals
pecheneg
Reality TV Shows (A-Z)
bhenderson79
Rickey Henderson's Hall of Fame Teammates
pecheneg
Champions League XIs: Arsenal
pecheneg
Trending Topics
Crossword
Disney
Kpop
Anime
Marvel
Harry Potter
NBA
Country
WWE
Pokémon
Puzzle
NFL
The Office
Song
Soccer
Your Account Isn't Verified!
In order to create a playlist on Sporcle, you need to verify the email address you used during registration. Go to your
Sporcle Settings
to finish the process.
Report this User
Report this user for behavior that violates our
Community Guidelines
.
Details:
Send Report
Go to the Sporcle.com Mobile Site →
Comments